College algebra with trigonometry: graphs and models (Record no. 79456)
[ view plain ]
| 000 -LEADER | |
|---|---|
| fixed length control field | 01304nam a2200241 a 4500 |
| 008 - FIXED-LENGTH DATA ELEMENTS--GENERAL INFORMATION | |
| fixed length control field | 090709s2005 ||||||||||||||||| || u |
| 020 ## - INTERNATIONAL STANDARD BOOK NUMBER | |
| International Standard Book Number | 9780073311814 |
| 050 ## - LIBRARY OF CONGRESS CALL NUMBER | |
| Classification number | QA 154.3 Bar |
| 100 ## - MAIN ENTRY--PERSONAL NAME | |
| Personal name | Ziegler, Michael R |
| 245 10 - TITLE STATEMENT | |
| Title | College algebra with trigonometry: graphs and models |
| Statement of responsibility, etc. | Raymond A. Barnett; Michael R. Ziegler; Karl E. Byleen |
| 260 ## - PUBLICATION, DISTRIBUTION, ETC. | |
| Place of publication, distribution, etc. | New York: |
| Name of publisher, distributor, etc. | McGraw-Hill |
| Date of publication, distribution, etc. | 2005 |
| 300 ## - PHYSICAL DESCRIPTION | |
| Extent | 930 [158]p.: ill. |
| 350 ## - | |
| -- | 0.00 |
| 650 ## - SUBJECT ADDED ENTRY--TOPICAL TERM | |
| Topical term or geographic name entry element | TEXTBOOKS |
| 650 ## - SUBJECT ADDED ENTRY--TOPICAL TERM | |
| Topical term or geographic name entry element | TRIGOMETRY |
| 650 #0 - SUBJECT ADDED ENTRY--TOPICAL TERM | |
| Topical term or geographic name entry element | MATHEMATICS--HANDBOOKS, MANUALS, ETC |
| 700 ## - ADDED ENTRY--PERSONAL NAME | |
| Personal name | Banett, Raymond A |
| 700 ## - ADDED ENTRY--PERSONAL NAME | |
| Personal name | Byleen, Karl E |
| 995 ## - | |
| -- | MAIN LIBRARY OPEN ACCESS |
| -- | 0.00 |
| -- | 740287 |
| -- | CBU-MAIN LIBRARY (Kitwe) |
| -- | 1 |
| -- | 0.00 |
| -- | QA 154.3 BAR |
| -- | 3 |
| -- | AVAILABLE |
| -- | Aug 26, 2009 |
| -- | 740287 |
| -- | Main Library Open Access Collection |
| 995 ## - | |
| -- | ANNEX COLLECTION (Main Library) |
| -- | 0.00 |
| -- | 740285 |
| -- | CBU-MAIN LIBRARY (Kitwe) |
| -- | 1 |
| -- | 0.00 |
| -- | QA 154.3 BAR |
| -- | 1 |
| -- | AVAILABLE |
| -- | Aug 26, 2009 |
| -- | 740285 |
| -- | Annex Low-Usage Collection |
| 995 ## - | |
| -- | MAIN LIBRARY OPEN ACCESS |
| -- | 0.00 |
| -- | 740288 |
| -- | CBU-MAIN LIBRARY (Kitwe) |
| -- | 1 |
| -- | 0.00 |
| -- | QA 154.3 BAR |
| -- | 4 |
| -- | AVAILABLE |
| -- | Aug 26, 2009 |
| -- | 740288 |
| -- | Main Library Open Access Collection |
| 995 ## - | |
| -- | ANNEX COLLECTION (Main Library) |
| -- | 0.00 |
| -- | 740286 |
| -- | CBU-MAIN LIBRARY (Kitwe) |
| -- | 1 |
| -- | 0.00 |
| -- | QA 154.3 BAR |
| -- | 2 |
| -- | AVAILABLE |
| -- | Aug 26, 2009 |
| -- | 740286 |
| -- | Annex Low-Usage Collection |
| 999 ## - | |
| -- | 79456 |
| -- | 79456 |
| Withdrawn status | Lost status | Source of classification or shelving scheme | Damaged status | Not for loan | Permanent Location | Current Location | Shelving location | Date acquired | Total Checkouts | Full call number | Barcode | Date last seen | Date last checked out | Copy number | Price effective from | Koha item type |
|---|---|---|---|---|---|---|---|---|---|---|---|---|---|---|---|---|
| CBU-MAIN LIBRARY, KITWE. | CBU-MAIN LIBRARY, KITWE. | 06/29/2023 | 1 | QA 154.3 Bar | 740287 | 08/06/2024 | 07/22/2024 | 1 | 06/29/2023 | MONOGRAPH | ||||||
| CBU-MAIN LIBRARY, KITWE. | CBU-MAIN LIBRARY, KITWE. | 06/29/2023 | QA 154.3 Bar | 740285 | 06/29/2023 | 2 | 06/29/2023 | MONOGRAPH | ||||||||
| CBU-MAIN LIBRARY, KITWE. | CBU-MAIN LIBRARY, KITWE. | 06/29/2023 | 2 | QA 154.3 Bar | 740288 | 08/25/2025 | 08/13/2025 | 3 | 06/29/2023 | MONOGRAPH | ||||||
| CBU-MAIN LIBRARY, KITWE. | CBU-MAIN LIBRARY, KITWE. | 06/29/2023 | QA 154.3 Bar | 740286 | 06/29/2023 | 4 | 06/29/2023 | MONOGRAPH |